<?xml version="1.0" encoding="UTF-8"?>
<collection xmlns="http://www.loc.gov/MARC21/slim">
<record>
  <controlfield tag="001">168119</controlfield>
  <controlfield tag="005">20260127160850.0</controlfield>
  <datafield tag="024" ind1="8" ind2=" ">
    <subfield code="2">sideral</subfield>
    <subfield code="a">99522</subfield>
  </datafield>
  <datafield tag="037" ind1=" " ind2=" ">
    <subfield code="a">ART-2013-99522</subfield>
  </datafield>
  <datafield tag="041" ind1=" " ind2=" ">
    <subfield code="a">spa</subfield>
  </datafield>
  <datafield tag="100" ind1=" " ind2=" ">
    <subfield code="a">Gascón Marcén, Ana</subfield>
    <subfield code="u">Universidad de Zaragoza</subfield>
    <subfield code="0">(orcid)0000-0001-7063-0129</subfield>
  </datafield>
  <datafield tag="245" ind1=" " ind2=" ">
    <subfield code="a">Internet, el Derecho internacional y el Derecho europeo</subfield>
  </datafield>
  <datafield tag="260" ind1=" " ind2=" ">
    <subfield code="c">2013</subfield>
  </datafield>
  <datafield tag="520" ind1="3" ind2=" ">
    <subfield code="a">Este artículo analiza la influencia de Internet sobre el Derecho internacional y el europeo. Se exponen los retos que plantea esta herramienta y su utilización a un Derecho sumamente apoyado en la aplicación territorial del mismo, una concepción difícilmente aplicable en este caso. Los distintos mecanismos de gobernanza de Internet muestran una serie de características diferentes del sistema internacional clásico cómo la inclusión de las diferentes partes interesadas lo que puede servir como inspiración para otras ramas del Derecho internacional como es el de protección del medio ambiente. Además, se plantean los nuevos riesgos para los derechos humanos que pueden surgir de la utilización de las tecnologías de la información y la comunicación y la necesidad de elaborar normas realistas y efectivas. Como éste es un ámbito muy amplio más allá del planteamiento general, el estudio se centra en una serie de temas de especial relevancia en aquel momento para el Derecho internacional y europeo como eran la lucha contra la cibercriminalidad, la ciberguerra y la regulación del comercio electrónico. Este artículo resulta interesante porque en aquel momento no había muchos artículos que tratarán este tema de Internet desde la perspectiva del Derecho internacional y europeo, y aún menos sobre la gobernanza de Internet y cómo los modelos de participación intrínsecos de la misma podían servir a otras ramas del Derecho.</subfield>
  </datafield>
  <datafield tag="506" ind1="0" ind2=" ">
    <subfield code="a">Access copy available to the general public</subfield>
    <subfield code="f">Unrestricted</subfield>
  </datafield>
  <datafield tag="540" ind1=" " ind2=" ">
    <subfield code="9">info:eu-repo/semantics/openAccess</subfield>
    <subfield code="a">by</subfield>
    <subfield code="u">https://creativecommons.org/licenses/by/4.0/deed.es</subfield>
  </datafield>
  <datafield tag="655" ind1=" " ind2="4">
    <subfield code="a">info:eu-repo/semantics/article</subfield>
    <subfield code="v">info:eu-repo/semantics/publishedVersion</subfield>
  </datafield>
  <datafield tag="710" ind1="2" ind2=" ">
    <subfield code="1">4005</subfield>
    <subfield code="2">160</subfield>
    <subfield code="a">Universidad de Zaragoza</subfield>
    <subfield code="b">Dpto. Derecho Público</subfield>
    <subfield code="c">Área Dcho.Intern.Púb.Relac.In.</subfield>
  </datafield>
  <datafield tag="773" ind1=" " ind2=" ">
    <subfield code="g">61 (2013), 143-155</subfield>
    <subfield code="p">Rev. estud. eur.</subfield>
    <subfield code="t">Revista de estudios europeos</subfield>
    <subfield code="x">1132-7170</subfield>
  </datafield>
  <datafield tag="856" ind1="4" ind2=" ">
    <subfield code="s">3341038</subfield>
    <subfield code="u">http://zaguan.unizar.es/record/168119/files/texto_completo.pdf</subfield>
    <subfield code="y">Versión publicada</subfield>
  </datafield>
  <datafield tag="856" ind1="4" ind2=" ">
    <subfield code="s">1775711</subfield>
    <subfield code="u">http://zaguan.unizar.es/record/168119/files/texto_completo.jpg?subformat=icon</subfield>
    <subfield code="x">icon</subfield>
    <subfield code="y">Versión publicada</subfield>
  </datafield>
  <datafield tag="909" ind1="C" ind2="O">
    <subfield code="o">oai:zaguan.unizar.es:168119</subfield>
    <subfield code="p">articulos</subfield>
    <subfield code="p">driver</subfield>
  </datafield>
  <datafield tag="951" ind1=" " ind2=" ">
    <subfield code="a">2026-01-27-15:00:39</subfield>
  </datafield>
  <datafield tag="980" ind1=" " ind2=" ">
    <subfield code="a">ARTICLE</subfield>
  </datafield>
</record>
</collection>